MANIPAL MANUAL OF NURSING PROCEDURES FUNDAMENTAL NURSING (Record no. 2019)

MARC details
000 -LEADER
fixed length control field 00364nam a2200145Ia 4500
008 - FIXED-LENGTH DATA ELEMENTS--GENERAL INFORMATION
fixed length control field 150201s2010 xx 000 0 und d
082 ## - DEWEY DECIMAL CLASSIFICATION NUMBER
Classification number 610.73
Item number M10P
100 ## - MAIN ENTRY--PERSONAL NAME
Personal name PRAKASH , RATNA
245 ## - TITLE STATEMENT
Title MANIPAL MANUAL OF NURSING PROCEDURES FUNDAMENTAL NURSING
250 ## - EDITION STATEMENT
Edition statement 1ST
260 ## - PUBLICATION, DISTRIBUTION, ETC. (IMPRINT)
Name of publisher, distributor, etc. CBS
Place of publication, distribution, etc. DELHI
Date of publication, distribution, etc. 2010
300 ## - PHYSICAL DESCRIPTION
Extent 228
650 ## - SUBJECT ADDED ENTRY--TOPICAL TERM
Topical term or geographic name as entry element NURSING
942 ## - ADDED ENTRY ELEMENTS (KOHA)
Source of classification or shelving scheme Dewey Decimal Classification
Koha item type Books
Koha issues (borrowed), all copies 5
Holdings
Withdrawn status Lost status Source of classification or shelving scheme Damaged status Not for loan Collection code Home library Current library Shelving location Date acquired Source of acquisition Cost, normal purchase price SGTU Bill Number Total Checkouts Full call number Barcode Date last seen Date last checked out Bill Date Koha item type
    Dewey Decimal Classification     NURSING SGT Medical Library SGT Medical Library Text Book 19/04/2012 UBS DELHI 220.00 SGTU 46 1 610.73 M10P FN594 19/09/2024 26/04/2023 19/04/2012 Books
    Dewey Decimal Classification     NURSING SGT Medical Library SGT Medical Library Text Book 19/04/2012 UBS DELHI 220.00 SGTU 46 5 610.73 M10P FN595 22/08/2024 22/08/2024 19/04/2012 Books